000 01003nam a2200313 a 4500
001 000013170
003 DO-SdBPM
005 20250623132401.0
007 ta
008 091120s1984 dr a 000 j spa d
040 _aDO-SdBPM
_bspa
_cBPMSU
_drda
082 4 _aRD863.44
_bV145t 1984
_222
100 1 _aValdez, Diógenes
_d1941-2014
_eautor
245 1 0 _aTodo puede suceder un día /
_cDiógenes Valdez.
260 _c
264 _aSanto Domingo :
_bEditora Taller,
_c1984
300 _a159 páginas . :
_bilustraciones ;
_c21 cm.
336 _atexto
_btxt
_2rdacontent
337 _asin mediación
_bn
_2rdamedia
338 _avolumen
_bnc
_2rdacarrier
490 0 _aBiblioteca taller
_v159
500 _aIncluye datos biográficos del autor en la solapa de la cubierta
586 _aPremio nacional de cuentos, 1982
590 _aInventariado, 2025/VM
650 7 _aCuentos dominicanos
650 7 _aLiteratura dominicana.
910 _aVMateo V. Control de calidad BPMSU
942 _2ddc
_cBK
999 _c15197
_d15197